书目信息 |
| 题名: |
煤炭柔性保供研究
|
|
| 作者: | 任世华 著 | |
| 分册: | ||
| 出版信息: | 北京 科学出版社 2024.09 |
|
| 页数: | x, 169页 | |
| 开本: | 24cm | |
| 丛书名: | ||
| 单 册: | ||
| 中图分类: | TD82 , F426.21 | |
| 科图分类: | ||
| 主题词: | 煤炭工业--mei tan gong ye--生产技术--研究--中国 , 煤炭资源--mei tan zi yuan--能源供应--研究--中国 | |
| 电子资源: | ||
| ISBN: | 978-7-03-079586-1 | |
| 000 | 01305nam0 2200265 450 | |
| 001 | 93579 | |
| 005 | 20250819104945.10 | |
| 010 | @a978-7-03-079586-1@dCNY120.00 | |
| 100 | @a20241022d2024 em y0chiy50 ea | |
| 101 | 0 | @achi |
| 102 | @aCN@b110000 | |
| 105 | @aa a 000yy | |
| 106 | @ar | |
| 200 | 1 | @a煤炭柔性保供研究@Amei tan rou xing bao gong yan jiu@f任世华著 |
| 210 | @a北京@c科学出版社@d2024.09 | |
| 215 | @ax, 169页@c图@d24cm | |
| 320 | @a有书目 (第162-169页) | |
| 330 | @a本书依托中国工程院战略咨询与研究项目, 聚焦煤炭行业落实“双碳”目标的过程优化, 全面梳理“双碳”目标对煤炭行业影响的关键因素, 构建减碳政策对煤炭行业影响的传导机制模型, 识别“双碳”目标对煤炭行业影响的传导路径 ; 以“双碳”目标转化的政策措施为冲击变量, 构建煤炭产量需求及波动预测模型, 量化计算“双碳”目标下煤炭产量需求及波动幅度 ; 基于煤炭产量需求及波动幅度, 建立煤炭产能与储备产能优化布局模型, 求解“双碳”目标下煤炭产能与储备产能动态优化布局方案 ; 系统分析“双碳”目标下煤炭行业的挑战与机遇, 提出煤炭行业应对“双碳”目标的发展策略。 | |
| 606 | 0 | @a煤炭工业@Amei tan gong ye@x生产技术@x研究@y中国 |
| 606 | 0 | @a煤炭资源@Amei tan zi yuan@x能源供应@x研究@y中国 |
| 690 | @aTD82@v5 | |
| 690 | @aF426.21@v5 | |
| 701 | 0 | @a任世华@Aren shi hua@4著 |
| 801 | 0 | @aCN@c20250909 |
| 905 | @a河南城建学院图书馆@dTD82@eR530@f1 | |
| 煤炭柔性保供研究/任世华著.-北京:科学出版社,2024.09 |
| x, 169页:图;24cm |
| ISBN 978-7-03-079586-1:CNY120.00 |
| 本书依托中国工程院战略咨询与研究项目, 聚焦煤炭行业落实“双碳”目标的过程优化, 全面梳理“双碳”目标对煤炭行业影响的关键因素, 构建减碳政策对煤炭行业影响的传导机制模型, 识别“双碳”目标对煤炭行业影响的传导路径 ; 以“双碳”目标转化的政策措施为冲击变量, 构建煤炭产量需求及波动预测模型, 量化计算“双碳”目标下煤炭产量需求及波动幅度 ; 基于煤炭产量需求及波动幅度, 建立煤炭产能与储备产能优化布局模型, 求解“双碳”目标下煤炭产能与储备产能动态优化布局方案 ; 系统分析“双碳”目标下煤炭行业的挑战与机遇, 提出煤炭行业应对“双碳”目标的发展策略。 |
| ● |
| 相关链接 |
|
|
|
正题名:煤炭柔性保供研究
索取号:TD82/R530
 
预约/预借
| 序号 | 登录号 | 条形码 | 馆藏地/架位号 | 状态 | 备注 |
| 1 | 1627537 | 216275377 | 自科库501/501自科库 21排4列2层/ [索取号:TD82/R530] | 在馆 |